| 000 | 00354nam a2200133Ia 4500 | ||
|---|---|---|---|
| 005 | 20260328101458.0 | ||
| 008 | 260328s9999||||xx |||||||||||||| ||und|| | ||
| 100 | _aDredge, Richard | ||
| 245 | 0 |
_aConcept cars : _b Designing for the future / _cRichard Dredge |
|
| 260 | _bThunder Bay Press | ||
| 300 | _a320 p. | ||
| 650 | _aDISEÑO INDUSTRIAL | ||
| 942 | _cBK | ||
| 999 |
_c8901 _d8901 |
||